Conservation, development and local participation (Registro nro. 13183)

Detalles MARC
000 -CABECERA
Campo de control 004480000a22001570004500
090 ## - CLASIFICACIÓN LOCAL
Colección AR
Consecutivo 03610
041 0# - IDIOMA
Código de idioma para texto/pista de sonido o título separado
100 1# - ASIENTO PRINCIPAL--NOMBRE PERSONAL
Nombre personal Halffter, Gonzalo
245 10 - MENCION DE TITULO
Título Conservation, development and local participation
260 ## - PUBLICACION, DISTRIBUCION, ETC. (PIE DE IMPRENTA)
Lugar de publicación, distribución, etc. Paris
Nombre del editor, distribuidor, etc. Tycooly International Publishing
Fecha de publicación, distribución, etc. 1981
260 ## - PUBLICACION, DISTRIBUCION, ETC. (PIE DE IMPRENTA)
Nombre del editor, distribuidor, etc. Dublin
260 ## - PUBLICACION, DISTRIBUCION, ETC. (PIE DE IMPRENTA)
Nombre del editor, distribuidor, etc. UNESCO
300 ## - DESCRIPCION FISICA
Extensión 428-436 p.
773 1# - Item fuente:
Título In Di Castri,R.; Baker, F.; Hadley, M./Ecology in practice
942 ## - ELEMENTOS ADICIONALES (KOHA)
Tipo de ítem Artículo
Existencias
Withdrawn status Lost status Damaged status No para préstamo Colección Ubicación Permanente Ubicación actual Fecha de adquisición Fuente de Valor Datos de publicación Seriada Total Checkouts Número topográfico Inventario / Código de Barras Date last seen Ejemplar Price effective from Forma de adquisición Tipo de material
      No para Préstamo Hemeroteca Bogotá Bogotá 02/08/2005 Alvarez, Mauricio Fuera de circulación   AR 03610 019602 25/03/2015 1 25/03/2015   Artículo